UBT Library

Art marketing 101 : (Record no. 40526)

000 -LEADER
fixed length control field 00867cam a2200277 a 4500
001 - CONTROL NUMBER
control field 4967656
005 - DATE AND TIME OF LATEST TRANSACTION
control field 20180119034937.0
008 - FIXED-LENGTH DATA ELEMENTS--GENERAL INFORMATION
fixed length control field 961105s1997 caua b 001 0 eng d
010 ## - LIBRARY OF CONGRESS CONTROL NUMBER
LC control number 97116792
020 ## - INTERNATIONAL STANDARD BOOK NUMBER
International Standard Book Number 0940899329 (pbk.)
035 ## - SYSTEM CONTROL NUMBER
System control number (OCoLC)35846335
040 ## - CATALOGING SOURCE
Original cataloging agency CPom
Transcribing agency CPom
Modifying agency DLC
041 ## - LANGUAGE CODE
Language code of text/sound track or separate title eng
042 ## - AUTHENTICATION CODE
Authentication code lccopycat
080 ## - UNIVERSAL DECIMAL CLASSIFICATION NUMBER
Universal Decimal Classification number 339.138 SMI
082 ## - DEWEY DECIMAL CLASSIFICATION NUMBER
Classification number 339.138 SMI
100 1# - Rafti
Rafti 60
101 ## - Shkurtesa
Shkurtesa MAR
245 10 - TITLE STATEMENT
Title Art marketing 101 :
Statement of responsibility, etc [Constance Smith]
246 30 - VARYING FORM OF TITLE
Title proper/short title Art marketing one hundred one
246 30 - VARYING FORM OF TITLE
Title proper/short title Art marketing one hundred and one
504 ## - BIBLIOGRAPHY, ETC. NOTE
Bibliography, etc Includes bibliographical references and index.
906 ## - LOCAL DATA ELEMENT F, LDF (RLIN)
a 7
b cbc
c copycat
d 2
e ncip
f 19
g y-gencatlg
942 ## - ADDED ENTRY ELEMENTS (KOHA)
Source of classification or shelving scheme
Item type Books
Holdings
Withdrawn status Lost status Source of classification or shelving scheme Damaged status Not for loan Collection code Permanent location Current location Shelving location Date acquired Total Checkouts Full call number Barcode Date last seen Price effective from Koha item type
          Koleksioni i përgjithshem UBT - Lipjan UBT - Lipjan Koleksioni i përgjithshem 01/19/2018   339.138 SMI 002-2995710 01/19/2018 01/19/2018 Books
UBT Library © 2015-2024. All rights reserved University Education for Business and Technology